Trazado y cálculo de las ruedas dentadas

Gespeichert in:
Bibliographische Detailangaben
1. Verfasser: Trier, H (VerfasserIn)
Format: Buch
Sprache:Spanisch
Veröffentlicht: Barcelona Labor 1945
Schriftenreihe:Trabajos de Taller. Guía Práctica del Mecánico Moderno, 24
Schlagworte:
Tags: Tag hinzufügen
Keine Tags, Fügen Sie den ersten Tag hinzu!

MARC

LEADER 00000nam a2200000 a 4500
001 UCP2340
003 CL-VaPUC
008 990514e19450000SP |||||||||||||||||spa|d
082 0 4 |a 621.837  |b TRI  |2 21 
100 0 |a Trier, H  |e author  |9 429033 
245 1 0 |a Trazado y cálculo de las ruedas dentadas 
300 |a 219 p 
942 |c BK 
945 |d 19990514 00:00:00  |a cmena 
260 |a Barcelona  |b Labor  |c 1945 
650 7 |a ELEMENTOS DE MAQUINAS  |2 CL-VaPUC  |9 429034 
650 7 |a RUEDAS DENTADAS  |2 CL-VaPUC  |9 429035 
650 0 |a Diseño de máquinas   |9 271533 
650 7 |a MECANICA INDUSTRIAL  |2 CL-VaPUC  |9 429036 
650 0 |a Ingeniería mecánica   |9 262089 
583 |a last modification  |c 19990514 00:00:00  |k Rodrigo Vera 
490 0 |a Trabajos de Taller. Guía Práctica del Mecánico Moderno, 24 
999 |c 280891  |d 280889 
952 |0 0  |1 0  |4 0  |6 621_837000000000000_TRI_1945  |7 0  |8 A  |9 321417  |a BIBMEC  |b BIBMEC  |d 2019-11-20  |i 1499467  |o 621.837 TRI 1945  |p 1499467  |r 2024-01-19  |w 2019-11-20  |y BK  |k MEC